| 000 | 00969nam a22002057a 4500 | ||
|---|---|---|---|
| 999 |
_c7239 _d7239 |
||
| 003 | AR-CdUCM | ||
| 008 | 190320b ||||| |||| 00| 0 spa d | ||
| 040 |
_aMUNICIPALIDAD PROVINCIAL DEL CUSCO _cBIBLIOTECA MUNICIPAL DEL CUSCO |
||
| 082 |
_a658.1 / _bW84 |
||
| 100 |
_aWong Cam, David _920406 |
||
| 245 |
_aLos grandes pequeños negocios : _bEmpresarios y Finanzas / |
||
| 260 |
_aPerú : _bCentro de Investigacion de la Universidad del Pacífico , _c1996. |
||
| 300 |
_a389 páginas ; _c20.5 cm. |
||
| 505 | _aContenido : 1.- Problematica de la Pequeña Empresa -- 2.- Situacion Financiera de la pequeña empresa -- 3.- Crecimiento en la etapa Inicial -- 4.- Crecimiento en la etapa de Conciliacion -- SEGUNDA PARTE -- 1.- Caso Albornoz -- 2.- Caso Alván -- 3.- Caso Argüello -- 4.- Caso Auza... | ||
| 650 |
_aEconomia de la Manofactura _920407 |
||
| 650 |
_aMicroempresas _920408 |
||
| 650 |
_aEmpresarios y Finanzas _920409 |
||
| 942 |
_2ddc _cLIBROS |
||
| 945 | _artm | ||